Chicken Little (Record no. 15005)

MARC details
000 -LEADER
fixed length control field 03076ngm a22005417a 4500
003 - CONTROL NUMBER IDENTIFIER
control field dpl
005 - DATE AND TIME OF LATEST TRANSACTION
control field 20080822161333.0
007 - PHYSICAL DESCRIPTION FIXED FIELD--GENERAL INFORMATION
fixed length control field DVD
008 - FIXED-LENGTH DATA ELEMENTS--GENERAL INFORMATION
fixed length control field 080822t xxu||||| |||| 00| 0 eng d
010 ## - LIBRARY OF CONGRESS CONTROL NUMBER
LC control number DVD-000189-191
020 ## - INTERNATIONAL STANDARD BOOK NUMBER
International Standard Book Number 0788855921
024 ## - OTHER STANDARD IDENTIFIER
Standard number or code 786936246803
Terms of availability 499.00
024 ## - OTHER STANDARD IDENTIFIER
Standard number or code BVI1152
Terms of availability 499.00
040 ## - CATALOGING SOURCE
Original cataloging agency DPL
082 ## - DEWEY DECIMAL CLASSIFICATION NUMBER
Classification number DVD / CHI
245 ## - TITLE STATEMENT
Title Chicken Little
Statement of responsibility, etc [presented by] Walt Disney Pictures ; produced by Randy Fullmer ; writers, Steve Bencich, Ron Friedman ; directed by Mark Dindal.
Medium [videorecording(DVD)] /
250 ## - EDITION STATEMENT
Edition statement Widescreen ed.
260 ## - PUBLICATION, DISTRIBUTION, ETC. (IMPRINT)
Place of publication, distribution, etc Burbank, CA :
Name of publisher, distributor, etc Distributed by Buena Vista Home Entertainment,
-- Walt Disney Home Entertainment ;
Date of publication, distribution, etc [2006]
300 ## - PHYSICAL DESCRIPTION
Extent 1 DVD (ca. 81 min.) :
Other physical details sd., col. ;
Dimensions 4 3/4 in.
500 ## - GENERAL NOTE
General note Title from container.
500 ## - GENERAL NOTE
General note Originally released as a motion picture in 2005.
500 ## - GENERAL NOTE
General note Special features: Deleted scenes with 3 alternate openings; "Hatching 'Chicken Little'": a making-of featurette; "Where's Fish!" interactive game; The Cheetah Girls music video; karaoke sing along; Barenaked Ladies music video.
511 ## - PARTICIPANT OR PERFORMER NOTE
Participant or performer note Voices: Zach Braff, Garry Marshall, Don Knotts, Patrick Stewart, Amy Sedaris, Steve Zahn, Joan Cusack, Wallace Shawn, Harry Shearer, Fred Willard, Catherine O'Hara, Patrick Warburton, Adam West, Sean Elmore, Kelly Hoover.
520 ## - SUMMARY, ETC.
Summary, etc Chicken Little causes widespread panic when he mistakes a falling acorn for a piece of the sky. After the fall out, the youngster becomes determined to restore his reputation . But just as things are starting to go his way, a real piece of the sky lands on his head. Chicken Little and his band of misfit friends, Abby Mallard (aka Ugly Duckling), Runt of the Litter and Fish Out of Water, attempt to save the world without sending the town into a whole new panic.
538 ## - SYSTEM DETAILS NOTE
System details note DVD, region 1, widescreen (1.78:1) presentation; Dolby Digital 5.1 surround.
650 ## - SUBJECT ADDED ENTRY--TOPICAL TERM
Topical term or geographic name as entry element Chickens
650 ## - SUBJECT ADDED ENTRY--TOPICAL TERM
Topical term or geographic name as entry element Panic
650 ## - SUBJECT ADDED ENTRY--TOPICAL TERM
Topical term or geographic name as entry element Friendship
650 ## - SUBJECT ADDED ENTRY--TOPICAL TERM
Topical term or geographic name as entry element Chickens
655 ## - INDEX TERM--GENRE/FORM
Genre/form data or focus term Feature films.
655 ## - INDEX TERM--GENRE/FORM
Genre/form data or focus term Animated films.
655 ## - INDEX TERM--GENRE/FORM
Genre/form data or focus term Children's films.
655 ## - INDEX TERM--GENRE/FORM
Genre/form data or focus term Comedy films.
700 ## - ADDED ENTRY--PERSONAL NAME
Personal name Dindal, Mark.
700 ## - ADDED ENTRY--PERSONAL NAME
Personal name Braff, Zach,
Dates associated with a name 1975-
700 ## - ADDED ENTRY--PERSONAL NAME
Personal name Marshall, Garry.
700 ## - ADDED ENTRY--PERSONAL NAME
Personal name Knotts, Don,
Dates associated with a name 1924-2006.
700 ## - ADDED ENTRY--PERSONAL NAME
Personal name Stewart, Patrick,
Dates associated with a name 1940-
700 ## - ADDED ENTRY--PERSONAL NAME
Personal name Sedaris, Amy.
700 ## - ADDED ENTRY--PERSONAL NAME
Personal name Debney, John.
710 ## - ADDED ENTRY--CORPORATE NAME
Corporate name or jurisdiction name as entry element Walt Disney Home Entertainment (Firm)
710 ## - ADDED ENTRY--CORPORATE NAME
Corporate name or jurisdiction name as entry element Buena Vista Home Entertainment (Firm)
942 ## - ADDED ENTRY ELEMENTS (KOHA)
Koha item type CD-ROMs, DVDs, VHS
Source of classification or shelving scheme Dewey Decimal Classification
Classification part DVD
Call number suffix CHI
Holdings
Withdrawn status Lost status Source of classification or shelving scheme Damaged status Not for loan Home library Current library Date acquired Cost, normal purchase price Total Checkouts Total Renewals Full call number Barcode Date last seen Date checked out Copy number Cost, replacement price Price effective from Koha item type
    Dewey Decimal Classification     Central Library Central Library 22/08/2008 499.00 29 1 DVD CHI DVD-000189 14/07/2017 10/06/2017 1 499.00 15/09/2008 CD-ROMs, DVDs, VHS
    Dewey Decimal Classification     Patel Nagar Patel Nagar 22/08/2008 499.00 17   DVD CHI DVD-000191 18/02/2011 03/02/2011 1 499.00 15/09/2008 CD-ROMs, DVDs, VHS
    Dewey Decimal Classification     Sarojini Nagar Sarojini Nagar 22/08/2008 499.00 21   DVD CHI DVD-000190 12/05/2012 12/05/2012 1 499.00 15/09/2008 CD-ROMs, DVDs, VHS

© Delhi Public Library
Hit Counter
free hit counter